000
00308nam a22001217a 4500
008
160510b xxu||||| |||| 00| 0 eng d
020
_a
9781423999355
020
_a
9781423999355
041
_a
eng
080
_a
61
245
_a
Medical professionals;
_c
Elizabeth Eisner Reding; Lynn Wermers;
942
_2
udc
_c
BK
999
_c
2005
_d
2005